000 00311nam a22001337a 4500
008 181019b xxu||||| |||| 00| 0 eng d
020 _a0201038668
041 _aeng
080 _22nd
_a510
100 _a36
101 _aMAT
245 _aCollege Algebra: A Functions Approach
_cBittinger,K
942 _2udc
_cBK
999 _c50186
_d50186